Nová slovenská opera

Bibliographic Details
Main Author: Válek, Jiří (Author)
Format: Article
Language:Czech
Subjects:

MARC

LEADER 00000nab a2200000 ar4500
001 vtls009941877
003 SK-MaSNL
005 20260304010711.0
008 090821|19501213xo |||||||||||1|| b|cze
015 |a SNBRA2009/08  |2 snkbucl 
038 |a SNKBUCL 
040 |a SNKBUCL  |b slo  |e AACR2  |c SNKBUCL 
041 0 |a cze 
044 |a xo  |c SK 
080 |a 792.5  |2 2001 
100 1 |a Válek, Jiří  |4 aut  |9 284898 
245 1 0 |a Nová slovenská opera  |c Jiří Válek 
600 1 7 |a Suchoň, Eugen,  |d 1908-1993  |t Krútňava  |2 snkbucl  |9 103395 
610 2 7 |a Slovenské národné divadlo.  |b Opera  |2 snkbucl  |9 65024 
648 7 |a 1949  |2 snkbucl  |9 305903 
650 0 7 |a opery  |2 snkbucl  |9 3214 
650 0 7 |a operné inscenácie  |2 snkbucl  |9 3330 
650 0 7 |a operné premiéry  |2 snkbucl  |9 835092 
655 7 |a recenzie  |2 snkbucl  |9 21907 
773 0 |t Práce  |g (1950) 
852 |a SNK  |b KIS3GCP 
958 |a RC 
999 |c 2562374  |d 2564304